000 01017nam a2200313 i 4500
001 000044637
003 DO-SdBNP
005 20250221120850.0
007 ta
008 141210s2014 dr 000 p spa d
020 _a9789945429589
040 _aDO-SdBNP
_bspa
_cBNPHU
_erda
082 4 _aRD863.44
_bC527e
_222
100 1 _aChevalier, Nan,
_d1965-
_9350
_eautor
_4aut.
245 1 0 _aEl hombre que parecía esconderse /
_cReynaldo Paulino Chevalier (Nan).
250 _aPrimera edición
264 4 _aSanto Domingo :
_bAlfaguara,
_bEditorial Santillana,
_c©2014.
300 _a146 páginas
_c24 cm.
336 _atexto
_btxt
_2rdacontent
337 _asin mediación
_bn
_2rdamedia
338 _avolumen
_bnc
_2rdacarrier
490 0 _aAlfaguara
500 _aIncluye datos biográficos del autor en la solapa de la cubierta.
590 _aInventariado, 2024/MFF
650 4 _aNovela dominicana
_9223
650 4 _aLiteratura dominicana
910 _aValidado. Control de calidad MFF
942 _2ddc
_cLBS1
999 _c44126
_d44126